Riga und Danzig im 15. Jahrhundert

Titel: Riga und Danzig im 15. Jahrhundert
Verfasser:
In: Riga und der Ostseeraum, (2005), Seite 193-210
alle Artikel anzeigen
Veröffentlicht: 2005
Format: Aufsatz
Sprache: Deutsch
Kein Bild verfügbar
X
alg: 39163978
001A    $01999:11-11-16 
001B    $01999:29-03-21 $t21:45:47.000 
001D    $01999:11-11-16 
001U    $0utf8 
001X    $00 
002@    $0Aox 
003@    $0391639781 
007A    $0391639781 $aHEB 
007T    $0Herd78949 
010@    $ager 
011@    $a2005 
021A    $aRiga und Danzig im 15. Jahrhundert 
028A    $#Sarnowski, Jürgen $7111698855 $8Sarnowsky, Jürgen$Z1955- [Tp1] $9146216172 
031A    $h193-210 $j2005 
039B    $aIn $8--Aau--. Riga und der Ostseeraum. - Marburg : Verl. Herder-Institut, 2005. - VIII, 486 S.. - Ill., graph. Darst., Kt.. - ISBN 3-87969-319-6 $x200500000000000807 $9133615367 
045F    $a900.94380902 $eDDC23BSB 
045F/01 $a900 
045F/03 $f0902 
045F/03 $g438 
045F/03 $g4382 
045F/03 $g4796 

lok: 39163978 78

exp: 39163978 78 1 #EPN
201B/01 $020-12-17 $t22:58:07.000 
201U/01 $0utf8 
203@/01 $0787734268 
208@/01 $a11-11-16 $be 
209A/01 $a/ $f000 $x00 
220C/01 $aTitelaufnehmer: cs 
244Z/01 $2Trx $#Latvija $#Lettland $#Łotwa $#Lotyšsko $8--Trx--Latvija $x01 $9391275879 
244Z/01 $2Trx $#Prusy Wschodnie i Zachodnie $8--Trx--Ost- und Westpreußen $x02 $939113373X 
244Z/01 $2Trx $#Poola $#Lenkija $#Polija $#Polen Land $#Poland $#Lengyelország $#Poľsko $#Polsko $8--Trx--Polska$gkraj $x03 $9391345966 
244Z/01 $#Riga $#Rīga $#Ryga $#Riega $#Riga in Lieffland $#Rigae Livonum $#Rygae $#Righa $74050042-1 $8--Tg1--Riga $x04 $9085139726 
244Z/01 $#Danzig $#Ville Libre de Danzig $#Dantzig $#Ville Libre de Dantzig $#Freistaat Danzig $#Gdańsk $#Freie Stadt Danzig $#Urząd Miejski w Gdańsku $#Gyddanzyc $#Gedanum $#Dantiscum $74011039-4 $8--Tg1--Danzig $x05 $9085022225 
244Z/01 $aGeschichte 1400-1500 $x06 
244Z/01 $2Trx $#suhted, regionaalsed $#santykiai, regioniniai $#relations, regional $#kapcsolatok, regionális $#stosunki regionalne $#vzťahy regionálne $#vztahy regionální $8--Trx--Beziehungen, regionale $x07 $9391381547 
244Z/01 $2Trx $#linnad $#miestai $#towns $#városok $#miejscowości ogólnie $#dejiny miest $#dějiny měst $8--Trx--Städtewesen $x08 $9391381458 
244Z/01 $2Trx $#hansaliit $#Hanza $#Hanseatic League $#Hanza-Szövetség $#Hanza $#hanza $#hanza $8--Trx--Hanse $x09 $9391375512 
244Z/01 $2Trx $8--Trx--Einzelbeiträge $x10 $9391384570 
245Z/01 $a06.02 $x01 
247C/01 $82080>Marburg/Lahn, Herder-Institut, Forschungsbibliothek, Bibliographieportal $9336309341
LEADER 00000caa a22000002c 4500
001 391639781
003 DE-603
005 20210329214547.0
007 tu
008 161111s2005 xx |||| | u00||u|ger c
035 |a (DE-599)HEB391639781 
040 |a DE-603  |b ger  |c DE-603  |d DE-603 
041 |a ger 
082 0 4 |8 1\u  |a 900.94380902  |q DE-101  |2 23/BSB 
085 |8 1\u  |b 900 
085 |8 1\u  |z 1  |s 0902 
085 |8 1\u  |z 2  |s 438 
085 |8 1\u  |z 2  |s 4382 
085 |8 1\u  |z 2  |s 4796 
100 1 |a Sarnowsky, Jürgen  |d 1955-  |0 (DE-603)146216172  |0 (DE-588)111698855  |2 gnd 
245 0 0 |a Riga und Danzig im 15. Jahrhundert 
264 0 |c 2005 
773 0 8 |i In  |t Riga und der Ostseeraum  |d Marburg : Verl. Herder-Institut, 2005  |h VIII, 486 S., Ill., graph. Darst., Kt.  |z 3879693196  |g (2005), Seite 193-210  |w (DE-603)133615367 
924 0 |9 2080  |a (DE-603)787734268  |b DE-2080  |c HES  |d d  |g /